Statistics for Assassinations in History Quiz

Click here to take the quiz!

General Stats

  • This quiz has been taken 51,003 times
    (41,077 since last reset)
  • The average score is 9 of 20

Answer Stats

YearCityPerson% Correct
1963DallasJohn F. Kennedy
96%
44 B.C.RomeJulius Caesar
92%
1865Washington, DCAbraham Lincoln
88%
1948New DelhiMohandas Gandhi
73%
1968MemphisMartin Luther King, Jr.
72%
1968Los AngelesRobert Kennedy
72%
1914SarajevoFranz Ferdinand
69%
1980New York CityJohn Lennon
60%
1963DallasLee Harvey Oswald
36%
1881Washington, DCJames Garfield
33%
1901BuffaloWilliam McKinley
32%
1965New York CityMalcolm X
30%
1978San FranciscoHarvey Milk
25%
2007Rawalpindi, PakistanBenazir Bhutto
25%
1940Mexico CityLeon Trotsky
24%
1170CanterburyThomas Becket
24%
1981CairoAnwar Sadat
24%
1995Tel AvivYitzhak Rabin
18%
1935Baton RougeHuey Long
13%
1979SeoulPark Chung-hee
6%

Score Distribution

Percentile by Number Answered

Percent of People with Each Score

Your Score History

You have not taken this quiz since the last reset